Utusan Qiblat (Jan-Dis 1986) (Record no. 168509)

MARC details
000 -LEADER
fixed length control field 00470nam a2200193 i 4500
001 - CONTROL NUMBER
control field 2-00278559
003 - CONTROL NUMBER IDENTIFIER
control field PPAK
005 - DATE AND TIME OF LATEST TRANSACTION
control field 20180803043445.0
008 - FIXED-LENGTH DATA ELEMENTS--GENERAL INFORMATION
fixed length control field 870409 19709999my c 0 may d
022 ## - INTERNATIONAL STANDARD SERIAL NUMBER
International Standard Serial Number 0126-3490
040 ## - CATALOGING SOURCE
Original cataloging agency PPAK
Language of cataloging eng
Transcribing agency PPAK
Description conventions rda
082 ## - DEWEY DECIMAL CLASSIFICATION NUMBER
Classification number 297.05
090 ## - LOCALLY ASSIGNED LC-TYPE CALL NUMBER (OCLC); LOCAL CALL NUMBER (RLIN)
Classification number (OCLC) (R) ; Classification number, CALL (RLIN) (NR) 297.05
Feature heading UTU
Feature heading R
245 00 - TITLE STATEMENT
Title Utusan Qiblat (Jan-Dis 1986)
336 ## - CONTENT TYPE
Source rdacontent
Content type term text
337 ## - MEDIA TYPE
Source rdamedia
Media type term unmediated
338 ## - CARRIER TYPE
Source rdacarrier
Carrier type term volume
942 ## - ADDED ENTRY ELEMENTS (KOHA)
Koha item type Serial
Source of classification or shelving scheme Dewey Decimal Classification
Holdings
Withdrawn Not for loan Current library Shelving location Date acquired Barcode Date last seen Koha item type
  Not For Loan Perpustakaan Baling Rujukan Dewasa 27/03/2007 A00600012 12/07/2018 Book